000 00442nmm a2200157Ia 4500
008 251105s9999||||xx |||||||||||||||||und||
041 _aspa
100 _aSerrano, José Luis
245 0 _aLo peor de todo es la luz
264 _a[Madrid, España] :
_bEditorial Egales,
_c2015
300 _a196 páginas
490 _aNarrativa
650 _aSpanish narrative
856 _uhttps://public.digitaliapublishing.com/a/175920
942 _cCF
999 _c100006
_d100006